La Etapa de Investigacin̤ Tomo VI

Detalles Bibliográficos
Autor principal: Campoli, Gabriel Andrš
Formato: eBook
Lenguaje:español
Publicado: [S.l.] : Gabriel Andrš Campoli, 2013
Materias:
Acceso en línea:Acceso restringido

MARC

LEADER 00000nam a22000007a 4500
005 20130917170947.0
007 cr|||| ||||
008 130917s2013 mx |||||s|||| 00||0 spa d
035 |a 11499 
040 |a vLex 
090 |c 4500  |d 4500 
100 1 |a Campoli, Gabriel Andrš 
245 1 3 |a La Etapa de Investigacin̤  |h [Recurso electrn̤ico] /  |c Gabriel Andrš Campoli  |p Tomo VI 
256 |a Servicio en ln̕ea 
260 |a [S.l.] :  |b Gabriel Andrš Campoli,   |c 2013  
300 |a 1 recurso electrn̤ico 
506 1 |a Contenido solo disponible en los productos indicados  |d vLex Global  |d vLex Global (Academic Edition, excluding Law Schools)  |d vLex Global (U.S. Academic Edition, Law Schools)  |d vLex Global (U.S. Academic Edition, excluding Law Schools)  |d vLex Global (Academic Edition, Law Schools) 
650 0 4 |a Derecho civil  |z Mx̌ic 
650 0 4 |a Investigacin̤  |z Mx̌ico 
740 0 |a vLex Libros (Servicio en ln̕ea) 
856 4 0 |u http://vlex.com/source/etapa-investigacion-11499  |z Acceso restringido 
942 |c BOOK 
999 0 |a Research--Mexico